<?xml version="1.0" encoding="UTF-8"?>
<record
    xmlns:xsi="http://www.w3.org/2001/XMLSchema-instance"
    xsi:schemaLocation="http://www.loc.gov/MARC21/slim http://www.loc.gov/standards/marcxml/schema/MARC21slim.xsd"
    xmlns="http://www.loc.gov/MARC21/slim">

  <leader>02974cam a22003255a 4500</leader>
  <controlfield tag="001">016724646</controlfield>
  <controlfield tag="003">Uk</controlfield>
  <controlfield tag="005">20160824111014.0</controlfield>
  <controlfield tag="008">140514s2014    gw a   frb    001 0 eng|d</controlfield>
  <datafield tag="015" ind1=" " ind2=" ">
    <subfield code="a">GBB453473</subfield>
    <subfield code="2">bnb</subfield>
  </datafield>
  <datafield tag="016" ind1="7" ind2=" ">
    <subfield code="a">016724646</subfield>
    <subfield code="2">Uk</subfield>
  </datafield>
  <datafield tag="020" ind1=" " ind2=" ">
    <subfield code="a">9783642542176  </subfield>
  </datafield>
  <datafield tag="020" ind1=" " ind2=" ">
    <subfield code="a">3642542174</subfield>
  </datafield>
  <datafield tag="040" ind1=" " ind2=" ">
    <subfield code="a">StDuBDS</subfield>
    <subfield code="b">eng</subfield>
    <subfield code="c">StDuBDS</subfield>
    <subfield code="d">EG-ScBUE</subfield>
  </datafield>
  <datafield tag="082" ind1="0" ind2="4">
    <subfield code="2">22</subfield>
    <subfield code="a">617.522059</subfield>
    <subfield code="b">COM</subfield>
  </datafield>
  <datafield tag="245" ind1="0" ind2="0">
    <subfield code="a">Complications in endodontic surgery :</subfield>
    <subfield code="b">prevention, identification and management /</subfield>
    <subfield code="c">edited by Igor Tsesis.</subfield>
  </datafield>
  <datafield tag="260" ind1=" " ind2=" ">
    <subfield code="a">Berlin :</subfield>
    <subfield code="b">Springer-Verlage,</subfield>
    <subfield code="c">c.2014.</subfield>
  </datafield>
  <datafield tag="300" ind1=" " ind2=" ">
    <subfield code="a">xi, 194 p. :</subfield>
    <subfield code="b">ill. (black and white, and colour) ;</subfield>
    <subfield code="c">26 cm.</subfield>
  </datafield>
  <datafield tag="500" ind1=" " ind2=" ">
    <subfield code="a">Index : p. 189-194.</subfield>
  </datafield>
  <datafield tag="504" ind1=" " ind2=" ">
    <subfield code="a">Includes bibliographical references.</subfield>
  </datafield>
  <datafield tag="505" ind1=" " ind2=" ">
    <subfield code="a">Introduction: An Evidence-Based Approach for Prevention and Management of Surgical Complications -- Zebra Hunt: Clinical Reasoning and Misdiagnosis -- Case Selection and Treatment Planning -- Variations in Outcome of Endodontic Surgery --
Surgical Anesthesia: When a Tool Becomes a Weapon -- Prevention and Management of Soft Tissue Complications in Endodontic Surgery -- Esthetic Complications in Endodontic Surgery -- Periapical Osteotomy and Curettage -- Complications in Root-End Management -- Endodontic Surgical Complications Related to Maxillary Sinus Involvement -- Bleeding in Endodontic Surgery -- Pain, Swelling, and Surgical Site Infection -- Nerve Injury During Endodontic Surgical Procedures -- Bisphosphonate-Related Osteonecrosis of the Jaw (BRONJ) --
Medicolegal Consideration in Endodontics: General and Surgical Aspects -- Guided Tissue Regeneration in Endodontic Surgery: Principle, Efficacy, and Complications.</subfield>
  </datafield>
  <datafield tag="520" ind1=" " ind2=" ">
    <subfield code="a">This book presents up-to-date recommendations for the prevention, diagnosis, and management of complications in endodontic surgical procedures, based on the best available scientific evidence. Common risks such as wound healing impairment, infection, and bleeding are discussed, and specific complications related to endodontic surgery, such as maxillary sinus involvement and damage to adjacent neurovascular structures, are reviewed. For each step of endodontic surgical procedures, surgical goals and possible outcomes are reviewed. Preoperative, intraoperative, and postoperative risk factors for complications are identified, and treatment options presented. Helpful decision-making algorithms, tables, and flow charts complement the reader-friendly text.</subfield>
  </datafield>
  <datafield tag="650" ind1=" " ind2="7">
    <subfield code="a">Mouth </subfield>
    <subfield code="x">Surgery  </subfield>
    <subfield code="x">Complications.</subfield>
    <subfield code="9">40844</subfield>
  </datafield>
  <datafield tag="651" ind1=" " ind2=" ">
    <subfield code="2">BUEsh</subfield>
  </datafield>
  <datafield tag="653" ind1=" " ind2=" ">
    <subfield code="b">DDent</subfield>
    <subfield code="c">August 2016	</subfield>
  </datafield>
  <datafield tag="700" ind1="1" ind2=" ">
    <subfield code="a">Tsesis, Igor&#x200F; </subfield>
    <subfield code="e">editor.</subfield>
    <subfield code="9">40843</subfield>
  </datafield>
  <datafield tag="856" ind1=" " ind2=" ">
    <subfield code="a">SpringerLink E-book Collection.</subfield>
    <subfield code="q">E-book</subfield>
    <subfield code="u">http://link.springer.com/book/10.1007/978-3-642-54218-3</subfield>
    <subfield code="y">Full text available On Campus</subfield>
  </datafield>
  <datafield tag="856" ind1=" " ind2=" ">
    <subfield code="u">http://41.33.243.106:2048/login?url=http://www.springerlink.com/home/main.mpxhttp://link.springer.com/book/10.1007/978-3-642-54218-3</subfield>
    <subfield code="y">Full text available Off Campus</subfield>
  </datafield>
  <datafield tag="942" ind1=" " ind2=" ">
    <subfield code="2">ddc</subfield>
    <subfield code="e">22</subfield>
    <subfield code="k">617.522059 COM</subfield>
  </datafield>
  <datafield tag="999" ind1=" " ind2=" ">
    <subfield code="c">22216</subfield>
    <subfield code="d">22188</subfield>
  </datafield>
  <datafield tag="952" ind1=" " ind2=" ">
    <subfield code="0">0</subfield>
    <subfield code="1">0</subfield>
    <subfield code="2">ddc</subfield>
    <subfield code="4">0</subfield>
    <subfield code="7">0</subfield>
    <subfield code="8">Academic</subfield>
    <subfield code="a">MAIN</subfield>
    <subfield code="b">MAIN</subfield>
    <subfield code="c">1ST</subfield>
    <subfield code="d">2016-08-24</subfield>
    <subfield code="e">Purchase</subfield>
    <subfield code="g">1199.00</subfield>
    <subfield code="h">9126</subfield>
    <subfield code="l">1</subfield>
    <subfield code="m">5</subfield>
    <subfield code="o">617.522059 COM</subfield>
    <subfield code="p">000033157</subfield>
    <subfield code="r">2025-07-15 00:00:00</subfield>
    <subfield code="s">2017-11-20</subfield>
    <subfield code="v">1500.00</subfield>
    <subfield code="y">BB</subfield>
  </datafield>
</record>
